书目信息 |
| 题名: |
清醒考研
|
|
| 作者: | 乔丹 , 伍宪彬 主编 | |
| 分册: | ||
| 出版信息: | 北京 航空工业出版社 2005 |
|
| 页数: | 286页 | |
| 开本: | 21cm | |
| 丛书名: | ||
| 单 册: | ||
| 中图分类: | G643.6 | |
| 科图分类: | ||
| 主题词: | 研究生--入学考试--经验--中国 , 研究生 | |
| 电子资源: | ||
| ISBN: | 7-80183-555-7 | |
| 000 | 00808nam0 2200241 450 | |
| 001 | 002814068 | |
| 005 | 20061119164635.76 | |
| 010 | @a7-80183-555-7@dCNY15.00 | |
| 100 | @a20050420e20062005em y0chiy0110 ea | |
| 101 | 0 | @achi |
| 102 | @aCN@b110000 | |
| 105 | @aa z 000yy | |
| 200 | 1 | @a清醒考研@9qing xing kao yan@e全国名校考研状元谈考研@f乔丹,伍宪彬主编 |
| 210 | @a北京@c航空工业出版社@d2005@h2006重印 | |
| 215 | @a286页@c照片@d21cm | |
| 330 | @a该书共四篇,内容包括:奔赴战场——我们把酒当歌,迈进象牙塔——游历心仪名校,凯旋归来——聆听英雄史歌、和平生活——难平万千感慨。 | |
| 606 | 0 | @a研究生@x入学考试@x经验@y中国 |
| 606 | 0 | @a研究生 |
| 690 | @aG643.6@v4 | |
| 701 | 0 | @a乔丹@9qiao dan@4主编 |
| 701 | 0 | @a伍宪彬@9wu xian bin@4主编 |
| 801 | 0 | @aCN@bNLC@c20061119 |
| 905 | @a10447@dG643.6@e260 | |
| 清醒考研:全国名校考研状元谈考研/乔丹,伍宪彬主编.-北京:航空工业出版社,2005(2006重印) |
| 286页:照片;21cm |
| ISBN 7-80183-555-7:CNY15.00 |
| 该书共四篇,内容包括:奔赴战场——我们把酒当歌,迈进象牙塔——游历心仪名校,凯旋归来——聆听英雄史歌、和平生活——难平万千感慨。 |
| ● |
| 相关链接 |
|
|
|
|
正题名:清醒考研
索取号:G643.6/260
 
预约/预借
| 序号 | 登录号 | 条形码 | 馆藏地/架位号 | 状态 | 备注 |
| 1 | 0393240 | 203932405 | 第一样本阅览室/ [索取号:G643.6/260] | 在馆 | |
| 2 | 0393241 | 203932414 | 第四借阅区/ [索取号:G643.6/260] | 在馆 | |
| 3 | 0393242 | 203932423 | 第四借阅区/ [索取号:G643.6/260] | 在馆 | |
| 4 | 0393243 | 203932432 | 第四借阅区/ [索取号:G643.6/260] | 在馆 | |
| 5 | 0393244 | 203932441 | 第四借阅区/ [索取号:G643.6/260] | 在馆 |